<?xml version="1.0" encoding="UTF-8"?>
<record
    xmlns:xsi="http://www.w3.org/2001/XMLSchema-instance"
    xsi:schemaLocation="http://www.loc.gov/MARC21/slim http://www.loc.gov/standards/marcxml/schema/MARC21slim.xsd"
    xmlns="http://www.loc.gov/MARC21/slim">

  <leader>00924na  a2200253   4500</leader>
  <controlfield tag="001">20259</controlfield>
  <controlfield tag="003">MIRAKIL</controlfield>
  <controlfield tag="005">20181213154735.0</controlfield>
  <controlfield tag="008">170116b        tu            000 0      </controlfield>
  <datafield tag="020" ind1=" " ind2=" ">
    <subfield code="a">9754826455</subfield>
  </datafield>
  <datafield tag="040" ind1=" " ind2=" ">
    <subfield code="a">Milas</subfield>
    <subfield code="b">tur</subfield>
    <subfield code="c">TR-AnCHP</subfield>
  </datafield>
  <datafield tag="041" ind1=" " ind2=" ">
    <subfield code="a">tur</subfield>
  </datafield>
  <datafield tag="082" ind1=" " ind2=" ">
    <subfield code="a">379.561</subfield>
    <subfield code="b">K79 2004</subfield>
  </datafield>
  <datafield tag="090" ind1=" " ind2=" ">
    <subfield code="a">379.561 K79 2004</subfield>
  </datafield>
  <datafield tag="245" ind1=" " ind2=" ">
    <subfield code="a">K&#xF6;y Enstit&#xFC;leri ve &#xF6;&#x11F;retmen yeti&#x15F;tirme</subfield>
    <subfield code="b">panel tart&#x131;&#x15F;malar&#x131; 26 Nisan 2002-21 May&#x131;s 2004</subfield>
    <subfield code="c">yay&#x131;ma haz&#x131;rlayanlar Ay&#x15F;e &#xC7;ak&#x131;r &#x130;lhan, Fatma Haz&#x131;r B&#x131;kmaz</subfield>
  </datafield>
  <datafield tag="260" ind1=" " ind2=" ">
    <subfield code="a">Ankara</subfield>
    <subfield code="b">Ankara &#xDC;niversitesi E&#x11F;itim Bilimleri Fak&#xFC;ltesi Yay&#x131;nlar&#x131;</subfield>
    <subfield code="c">2004</subfield>
  </datafield>
  <datafield tag="300" ind1=" " ind2=" ">
    <subfield code="a">74 s.</subfield>
    <subfield code="c">23 sm.</subfield>
  </datafield>
  <datafield tag="490" ind1=" " ind2=" ">
    <subfield code="a">Ankara &#xDC;niversitesi E&#x11F;itim Bilimleri Fak&#xFC;ltesi Yay&#x131;nlar&#x131;</subfield>
    <subfield code="v">195</subfield>
  </datafield>
  <datafield tag="650" ind1=" " ind2=" ">
    <subfield code="a">K&#xF6;y enstit&#xFC;leri</subfield>
    <subfield code="x">Tart&#x131;&#x15F;malar</subfield>
  </datafield>
  <datafield tag="650" ind1=" " ind2=" ">
    <subfield code="a">K&#xF6;y enstit&#xFC;leri</subfield>
    <subfield code="x">&#xD6;&#x11F;retmen yeti&#x15F;tirme</subfield>
    <subfield code="z">T&#xFC;rkiye</subfield>
  </datafield>
  <datafield tag="700" ind1=" " ind2=" ">
    <subfield code="a">B&#x131;kmaz, Fatma Haz&#x131;r</subfield>
  </datafield>
  <datafield tag="700" ind1=" " ind2=" ">
    <subfield code="a">&#x130;lhan, Ay&#x15F;e &#xC7;ak&#x131;r</subfield>
  </datafield>
  <datafield tag="942" ind1=" " ind2=" ">
    <subfield code="2">ddc</subfield>
    <subfield code="c">BKS</subfield>
  </datafield>
  <datafield tag="952" ind1=" " ind2=" ">
    <subfield code="a">0001</subfield>
    <subfield code="b">0001</subfield>
    <subfield code="d">2017-01-16</subfield>
    <subfield code="e">2</subfield>
    <subfield code="l">0</subfield>
    <subfield code="o">379.561 K79 2004</subfield>
    <subfield code="p">010975</subfield>
    <subfield code="r">2017-01-16 00:00:00</subfield>
    <subfield code="v">0.00</subfield>
    <subfield code="w">2017-01-16</subfield>
    <subfield code="y">BKS</subfield>
  </datafield>
  <datafield tag="999" ind1=" " ind2=" ">
    <subfield code="c">136</subfield>
    <subfield code="d">136</subfield>
  </datafield>
</record>
